000 00570nam a2200205Ia 4500
005 20250508163825.0
008 008 250505s9999 xx 000 0 eng d
020 _a81-86724-00-2
037 _aTextual
040 _aFEDL
_beng
_cFEDL
041 _aeng
_2eng
084 _a001.4, AGG
_qFEDL
100 _aAggarwal Y P
245 0 _aScience of educational research: A source book
260 _aKurukshetra, India
_bNirmal Book Agency
_c1998
300 _axvi, 300p
650 _aResearch
942 _cTEXL
_h001.4, AGG
999 _c1385466
_d1385466